[Event "GER-chT Seniors 25th"]
[Site "Magdeburg"]
[Date "2016.10.10"]
[Round "2.1"]
[White "Riegler, Dieter"]
[Black "Dittmann, Hans Adolf"]
[Result "0-1"]
[WhiteElo "2028"]
[BlackElo "2096"]
[PlyCount "68"]
[EventDate "2016.10.09"]
[EventType "team-swiss"]
[EventRounds "7"]
[EventCountry "GER"]
[SourceTitle "EXT 2019"]
[Source "ChessBase"]
[SourceDate "2018.10.10"]
[SourceVersion "1"]
[SourceVersionDate "2018.10.10"]
[SourceQuality "1"]
[WhiteTeam "Deutscher Blindenschachbund"]
[BlackTeam "Schleswig Holstein II"]
[WhiteTeamCountry "GER"]
[BlackTeamCountry "GER"]

1. d4 Nf6 2. c4 e6 3. Nf3 Bb4+ 4. Nbd2 b6 5. g3 Bb7 6. Bg2 Ne4 7. 0-0 Nxd2 8. Bxd2 Bxd2 9. Qxd2 Qe7 10. Rac1 d6 11. b4 Nd7 12. Qe3 c5 13. dxc5 dxc5 14. b5 0-0 15. Rfd1 a6 16. a4 axb5 17. axb5 Rfd8 18. Rc3 Nf6 19. Rcd3 Be4 20. R3d2 h6 21. Ne5 Rxd2 22. Qxd2 Bxg2 23. Kxg2 Qb7+ 24. f3 Ra3 25. Qd8+ Kh7 26. Nd7 Nxd7 27. Rxd7 Qa8 28. Qxb6 Re3 29. Rd2 Qa3 30. Qd6 Qc1 31. b6 Rb3 32. Qf4 Rb1 33. Qe4+ f5 34. Qxe6 Qf1# 0-1